000 00951nas a2200301 4500
001 BR0902149
003 BR-BrBNA
005 20231205112644.0
007 ta
008 230509b bl.|||p| |||| 00| 00por d
040 _aBR-BrBNA
_bpor
_cBiblioteca Nacional de Agricultura
041 _a(Pt)
072 _aK10
100 1 _aSousa, A.F.
100 1 _aRosa, L. dos S.
100 1 _aVieira, T.A.
100 1 _aSantos, A.P.A. dos
100 1 _aSantos, E.R.A. dos
245 1 _aContribuição ao estudo de Triplaris surinamensis Cham. (tachi preto da varzea): fenologia, biometria e germinação de sementes
650 _aARVORE FLORESTAL
650 _aSEMENTE FLORESTAL
650 _aPLANTULA
650 _aSUBSTRATO DE CULTURA
650 _aAMAZONIA
773 0 _tRevista de Ciencias Agrarias (Brazil)
_xISSN 1517-591X
_g(Jan-Jun 2008), (no. 49) p. 9-20
_wBR0902149
909 _a202311
_bLúcia
_c55
_dLúcia Elande
942 _2AGRIS
_n0
_cANA
999 _c199207
_d199207